LEADER 00760nam a2200229 i 4500 001 000000085723 003 CaOOAMICUS 005 20180830150001.0 008 180830s1957 xx u000 u und u 013 $a57963 040 $aSeMil$bita 100 0 $aPlato,$d<427-347 a.C.>.$0(OLS)http://semarc/name/5353 245 10$aFedone. 260 $aMilano :$bG. Principato,$c1957. 300 $a158 p. 650 4$aFilosofia antica - Testi.$0(OLS)http://semarc/subject/69 850 $aSeMil 852 $aSeMil$W1$xVenegono$y1$m206 1 1 *$j49588$B49588$CSeMilBibl$Z2$F53322 $81 900 0 $aPlatone. 996 $6245$aFedone$9(OLS)http://semarc/title/103369 996 $6260$aMilano :$bG. Principato$9(OLS)http://semarc/publisher/43479 LEADER 00836nam a2200217 i 4500 001 000000087909 003 CaOOAMICUS 005 20180830150026.0 008 180830s1935 xx u000 u und u 013 $a60149 040 $aSeMil$bita 245 13$aDe "Platonismo" Patrum. 260 $aLuogo non identificato :$bUniversità Gregoriana,$c1935. 300 $a58 p. 650 4$aFilosofia e teologia.$0(OLS)http://semarc/subject/1243 650 4$aPlatonismo.$0(OLS)http://semarc/subject/6066 700 1 $aArnou, René.$0(OLS)http://semarc/name/40061 850 $aSeMil 852 $aSeMil$W1$xVenegono$y1$m114 12 21 *$j51318$B51318$CSeMilBibl$Z2$F55508 $81 996 $6245$aDe "Platonismo" Patrum$9(OLS)http://semarc/title/133902 996 $6260$aLuogo non identificato :$bUniversità Gregoriana$9(OLS)http://semarc/publisher/43504